Dwyane Wade Quiz - Statistics

General Stats
  • This quiz has been taken 310 times
  • The average score is 9 of 12
Answer Stats
Question Answer % Correct
What Team was he drafted by? Miami Heat
90%
What was the first Number he wore in the NBA? 3
89%
How many Rings does he have? 3
88%
What Overall Pick was he Drafted? 5th
88%
How tall is Dwyane Wade? 6'4"
83%
What Number did he wear for the Cleveland Cavaliers? 9
81%
Where was Dwyane Wade Born? Chicago, Illinois
76%
What is his Career High In Points? 55
70%
What University did he Attend? Marquette University
70%
What is his Career High in Assists 16
69%
Who is Dwade's Wife? Gabrielle Union
51%
When was Dwyane Wade Born? January 17, 1982
29%
No matching quizzes found
Score Distribution
Percent of People with Each Score
Percentile by Number Answered
Your Score History
You have not taken this quiz